Isole degli arcipelaghi siciliani - Statistics

Statistiche generali
  • Questo quiz è stato fatto 166 volte
  • Il punteggio medio è 11 su 17
Statistiche sulle risposte
Arcipelago Isola % Corretto
Stromboli
94%
Vulcano
94%
Isole Pelage Lampedusa
93%
Pantelleria
85%
Lipari
84%
Isole Egadi Favignana
76%
Filicudi
76%
Isole Eolie Alicudi
74%
Panarea
71%
Linosa
62%
Salina
61%
Ustica
58%
Marettimo
55%
Levanzo
49%
Ortigia
17%
Formica
16%
Isole "sparse" Isola delle palme
3%
Nessun quiz corrispondente trovato
Distribuzione punteggi
Percentuale di utenti per punteggio
Percentile per numero di risposta
I tuoi punteggi nel tempo
Non hai fatto questo quiz